Návrh zlepšenia merania a hodnotenia výkonnosti zamestnancov na úseku výroby vo firme Magna Slovteca, s.r.o., o.z. Magna Trnava

Na minha lista:
Detalhes bibliográficos
Autor principal: Pavlovičová, Monika, 1990- (Author)
Formato: Manuscrito Livro
Idioma:inglês
Publicado em: Trnava : STU v Bratislave MTF UPMK, 2014
Assuntos:
Acesso em linha:VAIS
Tags: Adicionar Tag
Sem tags, seja o primeiro a adicionar uma tag!

MARC

LEADER 00000ntm a22000003a 4500
001 stu290899
005 20150617230300.0
008 140610s2014----xo------------------eng-d
040 |a STU  |b slo 
041 0 |a eng 
044 |a xo 
100 1 |a Pavlovičová, Monika,  |d 1990-  |4 aut  |u M  |T MTF Materiálovotechnologická fakulta  |X 66039  |U M  |Y 60  |7 A000066039 
242 0 0 |a The proposal an improvement in measuring and evaluating employee performance in the production department of Magna Slovteca Inc., c.a. Magna Trnava enterprise  |y eng 
245 1 |a Návrh zlepšenia merania a hodnotenia výkonnosti zamestnancov na úseku výroby vo firme Magna Slovteca, s.r.o., o.z. Magna Trnava 
260 |a Trnava :  |b STU v Bratislave MTF UPMK,  |c 2014 
300 |a 78s  |c CD 
650 7 |a priemyselné manažérstvo  |2 stusub 
650 7 |a Industrial Management  |2 estusub 
650 7 |a remuneration  |2 estusub 
650 7 |a performance  |2 estusub 
650 7 |a výkon  |2 stusub 
650 7 |a odmeňovanie  |2 stusub 
650 7 |a hodnotenie  |2 stusub 
856 4 |a info a plný text  |u http://is.stuba.sk/zp/portal_zp.pl?podrobnosti=99175  |3 VAIS 
996 |c M*DP-12099  |l MMSKP  |s P  |a 0  |w stu290899_0001